[Event "Berlin-ch Seniors op 36th"]
[Site "Berlin"]
[Date "2020.01.30"]
[Round "3.6"]
[White "Richter, Hans Peter"]
[Black "Badestein, Hartmut"]
[Result "1/2-1/2"]
[WhiteElo "2090"]
[BlackElo "1968"]
[PlyCount "67"]
[EventDate "2020.01.28"]
[EventType "swiss"]
[EventRounds "9"]
[EventCountry "GER"]
[SourceTitle "EXT 2024"]
[Source "ChessBase"]
[SourceDate "2023.10.10"]
[SourceVersion "1"]
[SourceVersionDate "2023.10.10"]
[SourceQuality "1"]

1. d4 Nf6 2. Bf4 g6 3. Nf3 Bg7 4. e3 d6 5. h3 c5 6. c3 b6 7. Nbd2 0-0 8. Bd3 Bb7 9. Qe2 Nbd7 10. e4 cxd4 11. cxd4 Nh5 12. Be3 e5 13. g3 exd4 14. Bxd4 Ne5 15. Nxe5 dxe5 16. Bc3 Rc8 17. 0-0-0 Qe7 18. Rhe1 Rfd8 19. Kb1 Rc7 20. Nf1 Bh6 21. Ne3 Bxe3 22. Qxe3 Rcd7 23. Be2 Rxd1+ 24. Bxd1 Ng7 25. h4 Ba6 26. Be2 Bxe2 27. Qxe2 Qd6 28. f4 exf4 29. gxf4 Qxf4 30. Rf1 Qg3 31. Rf3 Qg1+ 32. Rf1 Qg3 33. Rf3 Qg1+ 34. Rf1 1/2-1/2

[Event "Berlin-ch Seniors op 36th"]
[Site "Berlin"]
[Date "2020.01.29"]
[Round "2.8"]
[White "Mock, Peter"]
[Black "Richter, Hans Peter"]
[Result "0-1"]
[WhiteElo "1856"]
[BlackElo "2090"]
[PlyCount "58"]
[EventDate "2020.01.28"]
[EventType "swiss"]
[EventRounds "9"]
[EventCountry "GER"]
[SourceTitle "EXT 2024"]
[Source "ChessBase"]
[SourceDate "2023.10.10"]
[SourceVersion "1"]
[SourceVersionDate "2023.10.10"]
[SourceQuality "1"]

1. c4 Nf6 2. Nc3 d5 3. cxd5 Nxd5 4. g3 g6 5. Bg2 Nxc3 6. bxc3 Bg7 7. Rb1 Nd7 8. Qc2 0-0 9. h4 Nf6 10. Nh3 c5 11. 0-0 Qc7 12. d3 Rb8 13. Qa4 b6 14. d4 Nd7 15. Nf4 Nf6 16. Nd3 Nh5 17. dxc5 Bxc3 18. Bh6 Bg7 19. Bxg7 Nxg7 20. cxb6 Rxb6 21. Rbc1 Qb8 22. Rc3 Ra6 23. Qc2 Ne6 24. Rc1 Bb7 25. Bh3 Nd4 26. Qd2 Rd8 27. Kf1 Rad6 28. Qe3 e5 29. Nxe5 Nf5 0-1

[Event "Berlin-ch Seniors op 35th"]
[Site "Berlin"]
[Date "2019.02.04"]
[Round "6"]
[White "Richter, Hans Peter"]
[Black "Schewe, Bernhard"]
[Result "1-0"]
[WhiteElo "2079"]
[BlackElo "1896"]
[PlyCount "133"]
[EventDate "2019.01.29"]
[EventType "swiss"]
[EventRounds "9"]
[EventCountry "GER"]
[SourceTitle "CBM 189 Extra"]
[Source "ChessBase"]
[SourceDate "2019.06.03"]
[SourceVersion "1"]
[SourceVersionDate "2019.06.03"]
[SourceQuality "1"]

1. d4 e6 2. Nf3 f5 3. d5 Be7 4. Nc3 Nf6 5. Bf4 a6 6. e3 b5 7. a3 0-0 8. dxe6 dxe6 9. Qxd8 Bxd8 10. Na2 Nd5 11. c4 Nxf4 12. exf4 c6 13. Ne5 Bf6 14. 0-0-0 Bxe5 15. fxe5 Nd7 16. f4 Nc5 17. Be2 Ne4 18. Rhf1 c5 19. cxb5 axb5 20. Bxb5 Ba6 21. Bxa6 Rxa6 22. Kc2 Rb8 23. Nc3 Rab6 24. Rb1 Rb3 25. Rf3 c4 26. Nxe4 fxe4 27. Rxb3 Rxb3 28. Re1 e3 29. a4 Rb4 30. a5 Ra4 31. Rxe3 Rxa5 32. Rc3 Ra4 33. g3 Kf7 34. Ra3 Rb4 35. Kc3 Rb7 36. Kc2 Rb4 37. Ra7+ Kf8 38. Rd7 h5 39. Kc3 Rb3+ 40. Kxc4 Rxb2 41. Kc5 Rxh2 42. Kd6 Rg2 43. Kxe6 Kg8 44. Rd3 h4 45. gxh4 Rg4 46. Kf5 Rxh4 47. e6 Rh5+ 48. Ke4 Kf8 49. f5 Rh1 50. Rd8+ Ke7 51. Rd7+ Kf8 52. Rf7+ Kg8 53. Ke5 Ra1 54. Rd7 Kf8 55. Rd4 Ke7 56. Rg4 Kf8 57. Kf4 Rf1+ 58. Kg5 Re1 59. Rg3 Re2 60. Rd3 Rg2+ 61. Kf4 Ke7 62. Rd7+ Kf8 63. Rf7+ Kg8 64. f6 Rf2+ 65. Ke5 Rxf6 66. Rxf6 gxf6+ 67. Kd6 1-0

[Event "Berlin-ch Seniors op 35th"]
[Site "Berlin"]
[Date "2019.01.30"]
[Round "2"]
[White "Richter, Hans Peter"]
[Black "Hiller, Bernd"]
[Result "1-0"]
[WhiteElo "2079"]
[BlackElo "1850"]
[PlyCount "53"]
[EventDate "2019.01.29"]
[EventType "swiss"]
[EventRounds "9"]
[EventCountry "GER"]
[SourceTitle "CBM 189 Extra"]
[Source "ChessBase"]
[SourceDate "2019.06.03"]
[SourceVersion "1"]
[SourceVersionDate "2019.06.03"]
[SourceQuality "1"]

1. e4 d5 2. exd5 Nf6 3. d4 Nxd5 4. Nf3 Bg4 5. Be2 e6 6. 0-0 Be7 7. c4 Nf6 8. Nc3 c6 9. Be3 0-0 10. h3 Bh5 11. Rc1 Nbd7 12. d5 cxd5 13. cxd5 exd5 14. Nxd5 b6 15. Nxf6+ Nxf6 16. Qa4 Qd6 17. Rfd1 Qb4 18. Qxb4 Bxb4 19. Rc4 Be7 20. g4 Bg6 21. Ne5 Rfd8 22. Rdc1 Bd6 23. Bf3 Bxe5 24. Bxa8 h5 25. Rc8 Rxc8 26. Rxc8+ Kh7 27. f4 1-0

[Event "Berlin-ch Seniors op 35th"]
[Site "Berlin"]
[Date "2019.01.29"]
[Round "1"]
[White "Fechner, Joachim"]
[Black "Richter, Hans Peter"]
[Result "0-1"]
[WhiteElo "1756"]
[BlackElo "2079"]
[PlyCount "53"]
[EventDate "2019.01.29"]
[EventType "swiss"]
[EventRounds "9"]
[EventCountry "GER"]
[SourceTitle "CBM 189 Extra"]
[Source "ChessBase"]
[SourceDate "2019.06.03"]
[SourceVersion "1"]
[SourceVersionDate "2019.06.03"]
[SourceQuality "1"]

1. e4 e5 2. Nf3 Nc6 3. Bb5 a6 4. Ba4 Nf6 5. 0-0 Be7 6. Re1 b5 7. Bb3 0-0 8. c3 d5 9. exd5 Nxd5 10. Nxe5 Nxe5 11. Rxe5 c6 12. d4 Bd6 13. Re1 Qh4 14. g3 Qh3 15. Be3 Bg4 16. Qd3 Rae8 17. Nd2 Qh5 18. a4 Re6 19. Bxd5 cxd5 20. axb5 axb5 21. Nf1 Rfe8 22. Qxb5 g5 23. Qxd5 Bf3 24. Qf5 Bg4 25. Qc2 Bf3 26. Nd2 Qxh2+ 27. Kxh2 0-1

[Event "Berlin-ch Seniors op 33rd"]
[Site "Berlin"]
[Date "2017.02.09"]
[Round "9"]
[White "Woelfert, Juergen"]
[Black "Richter, Hans Peter"]
[Result "0-1"]
[WhiteElo "1835"]
[BlackElo "2038"]
[PlyCount "80"]
[EventDate "2017.01.31"]
[EventType "swiss"]
[EventRounds "9"]
[EventCountry "GER"]
[SourceTitle "EXT 2019"]
[Source "ChessBase"]
[SourceDate "2018.10.10"]
[SourceVersion "1"]
[SourceVersionDate "2018.10.10"]
[SourceQuality "1"]

1. c4 Nf6 2. Nc3 d5 3. cxd5 Nxd5 4. e4 Nxc3 5. bxc3 g6 6. g3 Bg7 7. Bg2 0-0 8. Ne2 e5 9. 0-0 c5 10. Rb1 Nc6 11. Qc2 b6 12. Qa4 Na5 13. Re1 Bg4 14. f3 Bxf3 15. Bxf3 Qd3 16. Kf2 Qxb1 17. Ba3 Qxa2 18. Nc1 Qxd2+ 19. Re2 Qxc3 20. Bb2 Qc4 21. Qa1 Bh6 22. Qb1 Rad8 23. Rc2 Qe6 24. Ne2 Rd3 25. Rc3 Rxc3 26. Nxc3 Qb3 27. Bd1 Qe6 28. Kg2 Nc4 29. Nd5 Ne3+ 30. Nxe3 Bxe3 31. Qd3 Qa2 32. Kh3 Bg1 33. Qe2 Bd4 34. Bc1 Qe6+ 35. Kg2 Rd8 36. Qf3 c4 37. Bh6 Bc5 38. g4 Bf8 39. Bg5 f6 40. Bxf6 Rxd1 0-1

[Event "Berlin Spring op-A"]
[Site "Berlin"]
[Date "2014.05.03"]
[Round "5"]
[White "Weidel, Albrecht"]
[Black "Richter, Hans Peter"]
[Result "1-0"]
[WhiteElo "2120"]
[BlackElo "2002"]
[PlyCount "55"]
[EventDate "2014.05.01"]
[EventType "swiss"]
[EventRounds "7"]
[EventCountry "GER"]
[SourceTitle "CBM 160 Extra"]
[Source "ChessBase"]
[SourceDate "2014.07.01"]
[SourceVersion "1"]
[SourceVersionDate "2014.07.01"]
[SourceQuality "1"]

1. d4 Nf6 2. Nf3 g6 3. c4 Bg7 4. Nc3 d5 5. cxd5 Nxd5 6. e4 Nxc3 7. bxc3 c5 8. Be2 0-0 9. Rb1 cxd4 10. cxd4 Qa5+ 11. Bd2 Qd8 12. 0-0 Bxd4 13. Nxd4 Qxd4 14. Qc2 Nc6 15. Bc3 Qd6 16. Rfd1 Qc7 17. Ba1 Be6 18. Rb5 f6 19. Bc4 Bxc4 20. Qxc4+ Kg7 21. e5 Rac8 22. Qe6 f5 23. Qb3 Nd8 24. e6+ Kg8 25. Rbd5 Nc6 26. Qb2 Rf6 27. Rd7 Qa5 28. Rxe7 1-0

[Event "Berlin Spring op-A"]
[Site "Berlin"]
[Date "2014.05.02"]
[Round "4"]
[White "Richter, Hans Peter"]
[Black "Kolthoff, Siegmund"]
[Result "1/2-1/2"]
[WhiteElo "2002"]
[BlackElo "2078"]
[PlyCount "105"]
[EventDate "2014.05.01"]
[EventType "swiss"]
[EventRounds "7"]
[EventCountry "GER"]
[SourceTitle "CBM 160 Extra"]
[Source "ChessBase"]
[SourceDate "2014.07.01"]
[SourceVersion "1"]
[SourceVersionDate "2014.07.01"]
[SourceQuality "1"]

1. d4 Nf6 2. Nc3 d5 3. Bf4 g6 4. Qd2 h6 5. h4 Bg7 6. f3 c5 7. e3 Nc6 8. 0-0-0 cxd4 9. exd4 Nh5 10. Be3 Ng3 11. Rh2 Nf5 12. Bb5 Nxe3 13. Qxe3 0-0 14. g4 e6 15. Kb1 a6 16. Bf1 Bd7 17. f4 Rc8 18. Nce2 Qa5 19. Nc1 Qc7 20. Nf3 Rfe8 21. h5 Re7 22. hxg6 fxg6 23. Bd3 Be8 24. Ne5 Nxe5 25. fxe5 Bf8 26. Ne2 g5 27. Rdh1 Bb5 28. Ng3 Kf7 29. Nh5 Ke8 30. c3 Kd7 31. Nf6+ Kc6 32. c4 dxc4 33. Be4+ Kb6 34. d5+ Qc5 35. Qc3 exd5 36. Nxd5+ Ka7 37. Nxe7 Qxe7 38. Bf5 Rc5 39. e6 Bg7 40. Qe3 Ka8 41. Rxh6 Bxh6 42. Rxh6 Rc8 43. Rh7 Qb4 44. a3 Qd6 45. e7 Re8 46. Qxg5 c3 47. Qc1 cxb2 48. Kxb2 Rxe7 49. Rxe7 Qxe7 50. Qc8+ Ka7 51. Qc3 Qe2+ 52. Qc2 Qe3 53. Qc3 1/2-1/2

[Event "Berlin Spring op-A"]
[Site "Berlin"]
[Date "2014.05.01"]
[Round "2"]
[White "Richter, Hans Peter"]
[Black "De Dreu, Dies"]
[Result "1-0"]
[WhiteElo "2002"]
[BlackElo "1991"]
[PlyCount "67"]
[EventDate "2014.05.01"]
[EventType "swiss"]
[EventRounds "7"]
[EventCountry "GER"]
[SourceTitle "CBM 160 Extra"]
[Source "ChessBase"]
[SourceDate "2014.07.01"]
[SourceVersion "1"]
[SourceVersionDate "2014.07.01"]
[SourceQuality "1"]

1. d4 Nf6 2. Nc3 d5 3. Bf4 c6 4. Qd2 Bf5 5. f3 e6 6. g4 Bg6 7. h4 h5 8. g5 Ng8 9. e4 Bb4 10. Bd3 Nd7 11. Nge2 Ne7 12. 0-0-0 Nb6 13. Be5 0-0 14. a3 Bd6 15. Bf6 Nc4 16. Bxc4 dxc4 17. Bxe7 Qxe7 18. e5 Bc7 19. Ng3 b5 20. Nce4 a5 21. Nf6+ Kh8 22. Qe2 c3 23. Ngxh5 cxb2+ 24. Kxb2 b4 25. a4 c5 26. Nf4 Bf5 27. h5 gxf6 28. Ng6+ fxg6 29. hxg6+ Kg8 30. Rh7 Qd8 31. Rh8+ Kg7 32. gxf6+ Kxg6 33. Qg2+ Kf7 34. Qg7+ 1-0

[Event "GER-chT Seniors 21st"]
[Site "Berlin"]
[Date "2012.09.10"]
[Round "1.10"]
[White "Knaak, Joachim"]
[Black "Richter, Hans Peter"]
[Result "1-0"]
[WhiteElo "2079"]
[BlackElo "1946"]
[PlyCount "55"]
[EventDate "2012.09.10"]
[EventType "team-swiss"]
[EventRounds "7"]
[EventCountry "GER"]
[SourceTitle "CBM 150 Extra"]
[Source "ChessBase"]
[SourceDate "2012.10.19"]
[SourceVersion "1"]
[SourceVersionDate "2012.10.19"]
[SourceQuality "1"]
[WhiteTeam "Sachsen Seniors"]
[BlackTeam "Brandenburg II"]
[WhiteTeamCountry "GER"]
[BlackTeamCountry "GER"]

1. d4 Nf6 2. c4 g6 3. Nc3 d5 4. cxd5 Nxd5 5. e4 Nxc3 6. bxc3 Bg7 7. Be3 0-0 8. Nf3 c5 9. Rb1 Nc6 10. Be2 b6 11. 0-0 cxd4 12. cxd4 e6 13. Qd2 Qd6 14. Rfd1 Bb7 15. h4 Na5 16. Bd3 Rac8 17. Rbc1 Qa3 18. h5 Rfd8 19. hxg6 hxg6 20. Bg5 Rxc1 21. Rxc1 Rc8 22. Rxc8+ Bxc8 23. Qc2 Bb7 24. Bf4 Nc6 25. Bb5 Nxd4 26. Nxd4 Bxd4 27. Qc7 Bxe4 28. Qd8+ 1-0

[Event "Niedersachsen-ch Seniors op 14th"]
[Site "Bad Bevensen"]
[Date "2011.07.13"]
[Round "9"]
[White "Diskin, Semen"]
[Black "Richter, Hans Peter"]
[Result "1/2-1/2"]
[WhiteElo "1768"]
[BlackElo "1946"]
[PlyCount "81"]
[EventDate "2011.07.05"]
[EventType "swiss"]
[EventRounds "9"]
[EventCountry "GER"]
[SourceTitle "EXT 2012"]
[Source "ChessBase"]
[SourceDate "2011.11.24"]
[SourceVersion "1"]
[SourceVersionDate "2011.11.24"]
[SourceQuality "1"]

1. e4 e5 2. Nf3 Nc6 3. Be2 Nf6 4. d3 d5 5. Nbd2 Be7 6. 0-0 0-0 7. c3 Re8 8. Qc2 Bf8 9. h3 dxe4 10. dxe4 Be6 11. Nc4 Bxc4 12. Bxc4 Na5 13. Rd1 Qc8 14. Bf1 c5 15. Qa4 Nc6 16. Bb5 Re6 17. Bc4 Re7 18. Bg5 a6 19. Qc2 Na5 20. Bxf6 gxf6 21. Bd5 f5 22. Nh4 f4 23. Nf5 Rc7 24. Qe2 Nc6 25. Qh5 Qe8 26. Qg5+ Kh8 27. Qf6+ Kg8 28. Qg5+ Kh8 29. Rd3 Qd8 30. Qh5 Qf6 31. Rad1 Qg6 32. Qf3 Ne7 33. Nh4 Qf6 34. g3 c4 35. R3d2 Bh6 36. Ng2 Ng6 37. b3 cxb3 38. Bxb3 Qc6 39. Rd3 Rg8 40. Qh5 Bg7 41. Qf3 1/2-1/2

[Event "Potsdam Christmas 35th"]
[Site "Potsdam"]
[Date "2010.12.29"]
[Round "6.14"]
[White "Richter, Hans Peter"]
[Black "Cusnariov, Nikolai"]
[Result "0-1"]
[WhiteElo "1946"]
[BlackElo "2167"]
[PlyCount "122"]
[EventDate "2010.12.27"]
[EventType "swiss"]
[EventRounds "7"]
[EventCountry "GER"]
[SourceTitle "EXT 2022"]
[Source "ChessBase"]
[SourceDate "2021.10.06"]
[SourceVersion "1"]
[SourceVersionDate "2021.10.06"]
[SourceQuality "1"]

1. d4 c5 2. Nf3 cxd4 3. Nxd4 d5 4. Bf4 Nc6 5. Nxc6 bxc6 6. c4 e6 7. Qc2 Nf6 8. Nd2 Be7 9. h3 0-0 10. g4 Bd6 11. Bxd6 Qxd6 12. Bg2 a5 13. 0-0 Rb8 14. Rfe1 e5 15. Rad1 Qe7 16. e3 Be6 17. Rb1 Rfc8 18. Nf3 Nd7 19. Rec1 Qd8 20. Qc3 f6 21. Qc2 Nb6 22. Nd2 Bf7 23. Bf1 Nd7 24. e4 d4 25. c5 Bxa2 26. Ra1 Be6 27. Ba6 Rc7 28. Bc4 Qe7 29. Rxa5 Rcb7 30. b3 Rb4 31. Bf1 h5 32. gxh5 Qf7 33. Qd1 f5 34. Qf3 fxe4 35. Qxf7+ Bxf7 36. Nxe4 Bxb3 37. Ra7 Nf8 38. h6 gxh6 39. Nf6+ Kh8 40. Re1 R4b7 41. Rxb7 Rxb7 42. Rxe5 Rg7+ 43. Ng4 Rg5 44. Re8 Kg8 45. Kh2 Rxc5 46. Ne5 Kg7 47. f4 Ne6 48. Re7+ Kf8 49. Rb7 Rc2+ 50. Kg3 Bd5 51. f5 Nc5 52. Ng6+ Ke8 53. Re7+ Kd8 54. f6 d3 55. f7 Bxf7 56. Rxf7 d2 57. Be2 Rc1 58. Ne5 d1Q 59. Bxd1 Rxd1 60. Nxc6+ Ke8 61. Rh7 Rd6 0-1

[Event "Potsdam Christmas 35th"]
[Site "Potsdam"]
[Date "2010.12.29"]
[Round "5.25"]
[White "Richter, Hans Peter"]
[Black "Schellknecht, Joerg"]
[Result "1-0"]
[WhiteElo "1946"]
[BlackElo "1765"]
[PlyCount "97"]
[EventDate "2010.12.27"]
[EventType "swiss"]
[EventRounds "7"]
[EventCountry "GER"]
[SourceTitle "EXT 2022"]
[Source "ChessBase"]
[SourceDate "2021.10.06"]
[SourceVersion "1"]
[SourceVersionDate "2021.10.06"]
[SourceQuality "1"]

1. e4 c5 2. Nf3 d6 3. d4 cxd4 4. Nxd4 Nf6 5. Nc3 a6 6. Be2 e6 7. 0-0 Be7 8. Bf3 Nbd7 9. Nce2 Ne5 10. Ng3 b5 11. Be2 Bb7 12. f4 Nc6 13. c4 Nxd4 14. Qxd4 bxc4 15. Qxc4 Qb6+ 16. Kh1 0-0 17. Qd3 d5 18. exd5 Bxd5 19. Bf3 Rfd8 20. Qe2 Rac8 21. Bxd5 Rxd5 22. f5 Rc6 23. Be3 Qb5 24. Qxb5 axb5 25. Rac1 Rxc1 26. Rxc1 Ng4 27. Bg1 exf5 28. Rc8+ Bf8 29. h3 Nf6 30. b4 Nd7 31. Rd8 Nf6 32. Rc8 g6 33. Bc5 Nd7 34. Rd8 Rxc5 35. bxc5 Nxc5 36. Rb8 b4 37. Rxb4 Kg7 38. Rc4 h5 39. Kg1 Nd3 40. Kf1 Ne5 41. Rc8 Bd6 42. Ne2 Kf6 43. Nd4 Ke7 44. Rc3 Kd7 45. Ke2 Bb4 46. Rb3 Bc5 47. Nf3 f6 48. Nxe5+ fxe5 49. Rg3 1-0